[Event "World Blitz Women 2025"]
[Site "Doha QAT"]
[Date "2025.12.29"]
[Round "1.21"]
[White "Stefanova, Antoaneta"]
[Black "Khalilova, Madinabonu"]
[Result "1-0"]
[WhiteTitle "GM"]
[BlackTitle "WCM"]
[WhiteElo "2391"]
[BlackElo "2241"]
[WhiteFideId "2902257"]
[BlackFideId "14223422"]
[EventDate "2025.12.29"]

1. d4 Nf6 2. Nf3 g6 3. g3 Bg7 4. Bg2 O-O 5. O-O d5 6. a4 c5 7. c3 cxd4 8. cxd4
Nc6 9. Nc3 Ne4 10. h3 h6 11. Bf4 a6 12. Nxe4 dxe4 13. Nd2 Qxd4 14. Nxe4 Qxb2 15.
Rb1 Qd4 16. Qc2 Bf5 17. g4 Bxe4 18. Qxe4 e5 19. Be3 Qxe4 20. Bxe4 Nd4 21. Rfe1
Rad8 22. Rxb7 Rd6 23. Kf1 Rc8 24. Reb1 1-0

[Event "World Blitz Women 2025"]
[Site "Doha QAT"]
[Date "2025.12.29"]
[Round "1.22"]
[White "Zhapova, Yana"]
[Black "Arabidze, Meri"]
[Result "1/2-1/2"]
[WhiteTitle "FM"]
[BlackTitle "IM"]
[WhiteElo "2260"]
[BlackElo "2413"]
[WhiteFideId "24278670"]
[BlackFideId "13604040"]
[EventDate "2025.12.29"]

1. e4 d6 2. d4 Nf6 3. Nc3 e5 4. Nf3 Nbd7 5. Bc4 Be7 6. a4 O-O 7. O-O c6 8. h3
exd4 9. Qxd4 Nc5 10. Rd1 a5 11. Bf4 Be6 12. Bf1 Re8 13. b3 Qb6 14. Nd2 d5 15.
exd5 Nxd5 16. Nc4 Qa7 17. Nxd5 Bxd5 18. Be5 f6 19. Bg3 Bf8 20. Ne3 Re4 21. Qd2
Bf7 22. Nf5 Rae8 23. Re1 Rxe1 24. Rxe1 Ne4 25. Qf4 Nxg3 26. Qxg3 Rxe1 27. Nh6+
Kh8 28. Nxf7+ Kg8 29. Nh6+ Kh8 30. Nf7+ Kg8 1/2-1/2

[Event "World Blitz Women 2025"]
[Site "Doha QAT"]
[Date "2025.12.29"]
[Round "1.23"]
[White "Khademalsharieh, Sarasadat"]
[Black "Jarocka, Liwia"]
[Result "1-0"]
[WhiteTitle "IM"]
[BlackTitle "FM"]
[WhiteElo "2414"]
[BlackElo "2258"]
[WhiteFideId "12512214"]
[BlackFideId "21807558"]
[EventDate "2025.12.29"]

1. d4 d5 2. c4 e6 3. Nc3 Nf6 4. cxd5 exd5 5. Bg5 c6 6. e3 Be7 7. Bd3 h6 8. Bf4
O-O 9. h3 Bd6 10. Nge2 Re8 11. O-O a5 12. Qc2 Na6 13. a3 Nc7 14. Bxd6 Qxd6 15.
Ng3 Bd7 16. Na4 Rad8 17. Rfe1 h5 18. Nc5 Bc8 19. Bf5 Ne6 20. Bxe6 fxe6 21. Qg6
h4 22. Nh5 Nxh5 23. Qxh5 Qe7 24. Nd3 Rf8 25. Ne5 Qf6 26. f4 Rfe8 27. Rf1 c5 28.
dxc5 Bd7 29. Nxd7 Qxb2 30. Ne5 Qc3 31. Qf7+ Kh7 32. Rae1 d4 33. exd4 Qxd4+ 34.
Kh1 Rf8 35. Qh5+ Kg8 36. Ng6 Rf5 37. Qxh4 Rc8 38. Ne7+ 1-0

[Event "World Blitz Women 2025"]
[Site "Doha QAT"]
[Date "2025.12.29"]
[Round "1.24"]
[White "Tokhirjonova, Gulrukhbegim"]
[Black "Khotenashvili, Bella"]
[Result "1-0"]
[WhiteTitle "IM"]
[BlackTitle "GM"]
[WhiteElo "2372"]
[BlackElo "2426"]
[WhiteFideId "14203626"]
[BlackFideId "13602640"]
[EventDate "2025.12.29"]

1. d4 Nf6 2. c4 c5 3. d5 g6 4. Nc3 Bg7 5. e4 d6 6. Be2 e6 7. Nf3 O-O 8. O-O e5
9. Ne1 Nbd7 10. Nd3 Ne8 11. a3 f5 12. b4 b6 13. Rb1 Nef6 14. f3 f4 15. a4 cxb4
16. Nxb4 Nc5 17. Nc6 Qd7 18. a5 bxa5 19. Ba3 Na6 20. Nb5 Ne8 21. Nxa5 Rf7 22.
Qa4 Nac7 23. Nc6 Nxb5 24. cxb5 Bb7 25. Rfc1 Bf8 26. Bb4 g5 27. h3 h5 28. Qb3 Rg7
29. Ra1 Nf6 30. Rxa7 Rxa7 31. Nxa7 Qd8 32. Nc6 Qb6+ 33. Kf1 g4 34. hxg4 hxg4 35.
Ba5 Qe3 36. Qxe3 fxe3 37. Nd8 gxf3 38. Bxf3 Rd7 39. Nxb7 Rxb7 40. b6 Nd7 41. Rc7
Rxb6 42. Bxb6 Nxb6 43. Ke2 Na4 44. Kxe3 Nc5 45. g4 1-0

[Event "World Blitz Women 2025"]
[Site "Doha QAT"]
[Date "2025.12.29"]
[Round "1.25"]
[White "Kulon, Klaudia"]
[Black "Zhurova, Anna"]
[Result "0-1"]
[WhiteTitle "IM"]
[BlackTitle "WFM"]
[WhiteElo "2335"]
[BlackElo "2299"]
[WhiteFideId "1131044"]
[BlackFideId "54113075"]
[EventDate "2025.12.29"]

1. Nf3 d5 2. e3 c5 3. b3 Nc6 4. Bb2 Nf6 5. Bb5 Bd7 6. O-O e6 7. c4 dxc4 8. Bxc4
Bd6 9. d4 cxd4 10. Nxd4 Qb8 11. h3 O-O 12. Nb5 Be5 13. N5c3 a6 14. f4 Bc7 15.
Nd2 b5 16. Bd3 Bb6 17. Qf3 Nb4 18. Be4 Nxe4 19. Ncxe4 f6 20. Ba3 a5 21. Kh1 Rd8
22. Rfd1 Bc6 23. Qg3 Kh8 24. Bb2 Rf8 25. a3 Nc2 26. Rac1 Bxe4 27. Nxe4 Nxe3 28.
Rd7 Nf5 29. Qd3 Qxf4 30. Re1 Rad8 31. Bc1 Rxd7 32. Qxd7 Qh4 33. Bd2 Bf2 34. Re2
Ng3+ 35. Nxg3 Bxg3 36. Qxe6 Be5 37. Qc6 Qd4 38. Be1 Qd3 39. Qe4 Rd8 40. Qxd3
Rxd3 41. Bxa5 0-1

[Event "World Blitz Women 2025"]
[Site "Doha QAT"]
[Date "2025.12.29"]
[Round "1.26"]
[White "Fataliyeva, Ulviyya"]
[Black "Salimova, Nurgyul"]
[Result "0-1"]
[WhiteTitle "IM"]
[BlackTitle "IM"]
[WhiteElo "2434"]
[BlackElo "2396"]
[WhiteFideId "13403052"]
[BlackFideId "2915138"]
[EventDate "2025.12.29"]

1. Nf3 c5 2. e4 Nc6 3. Bb5 Nf6 4. Bxc6 bxc6 5. e5 Nd5 6. c4 Nb6 7. b3 g6 8. O-O
Bg7 9. Bb2 O-O 10. d4 cxd4 11. Bxd4 Qc7 12. Nc3 Bb7 13. Re1 Rad8 14. Qc2 c5 15.
Nb5 Qb8 16. Bxc5 Bxf3 17. gxf3 Bxe5 18. Bxe7 Bxa1 19. Bxf8 Rxf8 20. Rxa1 d5 21.
c5 Nd7 22. Nd6 Qb4 23. Rc1 Qf4 24. Kg2 Ne5 25. Qc3 d4 26. Qb4 Qg5+ 27. Kh3 Qxc1
28. Qxd4 Qh6+ 29. Kg2 Qg5+ 30. Kf1 Nxf3 31. Qc3 Qd5 32. b4 Nd4 33. f3 Nxf3 34.
Kf2 Ne5 35. Nb5 Qxa2+ 36. Kg3 Qc4 37. Qxe5 Qxb5 0-1

[Event "World Blitz Women 2025"]
[Site "Doha QAT"]
[Date "2025.12.29"]
[Round "1.27"]
[White "Vantika, Agrawal"]
[Black "Kairbekova, Amina"]
[Result "1-0"]
[WhiteTitle "IM"]
[BlackTitle "WGM"]
[WhiteElo "2369"]
[BlackElo "2353"]
[WhiteFideId "25050389"]
[BlackFideId "13712799"]
[EventDate "2025.12.29"]

1. d4 Nf6 2. c4 g6 3. Nc3 Bg7 4. e4 d6 5. Be2 O-O 6. Nf3 e5 7. O-O h6 8. Re1
Nbd7 9. dxe5 dxe5 10. Be3 c6 11. Qc2 Qe7 12. h3 Nh5 13. Rad1 Nc5 14. Bf1 Nf4 15.
Bxf4 exf4 16. e5 Bf5 17. Qc1 g5 18. Nd4 Bg6 19. b4 Nd7 20. e6 Ne5 21. exf7+ Qxf7
22. c5 f3 23. g3 Kh8 24. Ne4 Qxa2 25. Nd6 b5 26. Re3 a5 27. Rd2 Qg8 28. bxa5
Rxa5 29. Rd1 Rfa8 30. Qd2 Ra2 31. Qe1 Nc4 32. Nxc4 bxc4 33. Ne6 Bf6 34. Rxf3 Bg7
35. Nxg7 Qxg7 36. Bxc4 Ra1 37. Kh2 Rxd1 38. Qxd1 Qe5 39. Re3 Qxc5 40. Qc1 Qd4
41. Be2 Qd5 42. Bf3 Qf7 43. Qc3+ Qg7 44. Qxc6 Rf8 45. Kg2 Qf6 46. Qxf6+ Rxf6 47.
Re5 Kg7 48. Rc5 Rf7 49. Ra5 Rf6 50. Bd5 Rd6 51. Ra7+ Kf6 52. Bf3 Re6 53. Ra5 Re5
54. Ra6+ Re6 55. Ra8 Rd6 56. Rh8 Kg7 57. Rb8 Kf6 58. Rb4 Kg7 59. h4 gxh4 60.
Rxh4 Rd2 61. Ra4 Rc2 62. Ra7+ Kh8 63. Ra8+ Kg7 64. Ra7+ Kh8 65. Ra6 Bf7 66.
Rxh6+ Kg7 67. Rd6 Rb2 68. Rd7 Kf6 69. Rd6+ 1-0

[Event "World Blitz Women 2025"]
[Site "Doha QAT"]
[Date "2025.12.29"]
[Round "1.28"]
[White "Vo, Thi Kim Phung"]
[Black "Mungunzul, Bat-Erdene"]
[Result "0-1"]
[WhiteTitle "WGM"]
[BlackTitle "WIM"]
[WhiteElo "2322"]
[BlackElo "2350"]
[WhiteFideId "12401838"]
[BlackFideId "4902831"]
[EventDate "2025.12.29"]

1. d4 d6 2. Nf3 g6 3. c4 f5 4. Nc3 Nf6 5. g3 Bg7 6. Bg2 O-O 7. O-O c6 8. Re1 Na6
9. e4 fxe4 10. Nxe4 Nxe4 11. Rxe4 Bf5 12. Re1 e5 13. dxe5 dxe5 14. Qxd8 Raxd8
15. Bg5 Rde8 16. Nd2 Nb4 17. Be4 h6 18. a3 Nd3 19. Bxd3 Bxd3 20. Be3 e4 21. Ra2
a5 22. b4 axb4 23. axb4 Ra8 24. Rxa8 Rxa8 25. b5 Ra2 26. bxc6 bxc6 27. Nb3 Bxc4
28. Nd4 Bd5 29. Rc1 Ra6 30. h4 h5 31. Ne2 Kf7 32. Rb1 Ra1 33. Rxa1 Bxa1 34. Nf4
Kf6 35. Kf1 Bf7 36. Ke2 Ke5 37. Kd2 Kd6 38. Nh3 c5 39. Kc2 Bd4 40. Kd2 Ke5 41.
Bf4+ Kf5 42. Be3 Be8 43. Ng5 Ke5 44. Bf4+ Kd5 45. Be3 Be5 46. Nh3 c4 47. Kc2
Ba4+ 48. Kc1 Be8 49. Nf4+ Kc6 50. Kc2 Kb5 51. Kc1 Kb4 52. Kc2 c3 53. Nd5+ Kc4
54. Nf4 Ba4+ 55. Kc1 Bd6 56. Kb1 Kb3 57. Ne2 c2+ 58. Kc1 Ba3+ 59. Kd2 Bb5 60.
Nc1+ Kb2 61. Bd4+ Kb1 62. Nb3 Bc4 0-1

[Event "World Blitz Women 2025"]
[Site "Doha QAT"]
[Date "2025.12.29"]
[Round "1.29"]
[White "Mammadzada, Gunay"]
[Black "Kirtadze, Anastasia"]
[Result "0-1"]
[WhiteTitle "IM"]
[BlackTitle "WIM"]
[WhiteElo "2390"]
[BlackElo "2281"]
[WhiteFideId "13403729"]
[BlackFideId "13622714"]
[EventDate "2025.12.29"]

1. d4 Nf6 2. Nf3 e6 3. Bf4 d5 4. e3 c5 5. c3 Nc6 6. Nbd2 Bd6 7. Bg3 O-O 8. Bd3
b6 9. Ne5 Bb7 10. O-O Bxe5 11. dxe5 Nd7 12. f4 f5 13. exf6 Nxf6 14. Bh4 Qc7 15.
Qc2 c4 16. Be2 e5 17. Nf3 Rae8 18. fxe5 Nxe5 19. Nd4 Neg4 20. Bxg4 Nxg4 21.
Rxf8+ Rxf8 22. Bg3 Qe7 23. Re1 Bc8 24. h3 Ne5 25. Bxe5 Qxe5 26. Qe2 Bxh3 27.
gxh3 Qg3+ 28. Kh1 Rf2 0-1

[Event "World Blitz Women 2025"]
[Site "Doha QAT"]
[Date "2025.12.29"]
[Round "1.30"]
[White "Preobrazhenskaya, Diana"]
[Black "Nurman, Alua"]
[Result "0-1"]
[WhiteTitle "WFM"]
[BlackTitle "WGM"]
[WhiteElo "2131"]
[BlackElo "2367"]
[WhiteFideId "34270566"]
[BlackFideId "13729390"]
[EventDate "2025.12.29"]

1. e4 c5 2. Nf3 d6 3. d4 cxd4 4. Nxd4 Nf6 5. Nc3 a6 6. Bg5 e6 7. f4 Be7 8. Qf3
h6 9. Bh4 Qc7 10. O-O-O Nbd7 11. Bd3 Rb8 12. Bf2 b5 13. g4 g5 14. h4 gxf4 15. g5
Ne5 16. Qxf4 Nh5 17. Qd2 b4 18. Nce2 Ng4 19. Bg1 Qa5 20. Kb1 Bd7 21. Bc4 hxg5
22. Nb3 Qc7 23. Bd3 0-1

[Event "World Blitz Women 2025"]
[Site "Doha QAT"]
[Date "2025.12.29"]
[Round "1.31"]
[White "Injac, Teodora"]
[Black "Jimenez Fernandez, Rebeca"]
[Result "1-0"]
[WhiteTitle "IM"]
[BlackTitle "WFM"]
[WhiteElo "2421"]
[BlackElo "2137"]
[WhiteFideId "932400"]
[BlackFideId "32070934"]
[EventDate "2025.12.29"]

1. Nf3 d5 2. g3 Nf6 3. Bg2 e6 4. O-O Be7 5. d3 O-O 6. a4 Nc6 7. Nbd2 a5 8. e4
dxe4 9. dxe4 Nd7 10. Qe2 b6 11. Re1 Ba6 12. Qd1 e5 13. Bf1 Bxf1 14. Nxf1 Nc5 15.
Bd2 Ne6 16. Ne3 Bc5 17. c3 Qe8 18. Qe2 Kh8 19. Nd5 f6 20. Nh4 g6 21. Bh6 Rf7 22.
Rad1 Ne7 23. Qc4 Ng8 24. Bc1 c6 25. Ne3 Ng5 26. Kg2 Rd7 27. Ng4 Rad8 28. Rxd7
Qxd7 29. Bxg5 Qxg4 30. Be3 Bxe3 31. Rxe3 Qd7 32. Nf3 Nh6 33. Re2 Qc7 34. Qe6 Qd6
35. Qxd6 Rxd6 36. Rd2 Rxd2 37. Nxd2 Kg7 38. Nc4 b5 39. Nxa5 bxa4 40. Nxc6 Kf7
41. f4 Ke6 42. Kf3 Kd6 43. Nb4 Nf7 44. Nd3 exf4 45. gxf4 Kc6 46. Ke3 Kb5 47. Kd4
Nd6 48. Nc5 Nc8 49. Nd7 1-0

[Event "World Blitz Women 2025"]
[Site "Doha QAT"]
[Date "2025.12.29"]
[Round "1.32"]
[White "Gu, Xiaobing"]
[Black "Maltsevskaya, Aleksandra"]
[Result "0-1"]
[WhiteTitle "WGM"]
[BlackTitle "IM"]
[WhiteElo "2106"]
[BlackElo "2398"]
[WhiteFideId "8602611"]
[BlackFideId "24174041"]
[EventDate "2025.12.29"]

1. d4 Nf6 2. Nc3 d5 3. Bf4 e6 4. Nb5 Na6 5. e3 Be7 6. h4 c6 7. Nc3 c5 8. h5 h6
9. Nf3 Nc7 10. Ne5 c4 11. Qf3 b5 12. a3 Bd7 13. Qg3 b4 14. axb4 Bxb4 15. Qxg7
Rh7 16. Qg3 Nb5 17. Ra6 Qc8 18. Nxd7 Kxd7 19. Ra4 Bxc3+ 20. bxc3 Nxc3 21. Ra3
Nfe4 22. Qh3 Qb7 23. Ra1 Qb2 24. Rd1 Qxc2 0-1

[Event "World Blitz Women 2025"]
[Site "Doha QAT"]
[Date "2025.12.29"]
[Round "1.33"]
[White "Gunina, Valentina"]
[Black "Serikbay, Assel"]
[Result "1-0"]
[WhiteTitle "GM"]
[BlackTitle "WIM"]
[WhiteElo "2393"]
[BlackElo "2221"]
[WhiteFideId "4167570"]
[BlackFideId "13706799"]
[EventDate "2025.12.29"]

1. e4 c5 2. Nf3 e6 3. d4 cxd4 4. Nxd4 a6 5. Bd3 Bc5 6. Nb3 Ba7 7. O-O Nc6 8. Nc3
Nf6 9. Bg5 h6 10. Bh4 Ne5 11. Kh1 Ng6 12. Bg3 e5 13. Nd5 d6 14. c4 O-O 15. Qd2
Be6 16. Rad1 Bxd5 17. cxd5 Rc8 18. f3 Nh5 19. Bf2 Bxf2 20. Rxf2 Ngf4 21. Bf1 Qb6
22. g3 Ng6 23. Bh3 Rc7 24. Re2 Nf6 25. Qa5 Qxa5 26. Nxa5 Ne7 27. Rd3 b6 28. Nb3
Nc8 29. Rdd2 Nd7 30. Rc2 Nc5 31. Nc1 a5 32. a3 Na7 33. b4 axb4 34. axb4 Na6 35.
Rxc7 Nxc7 36. Rc2 Ncb5 37. Ne2 g6 38. Kg2 f5 39. exf5 gxf5 40. f4 Kg7 41. Kf2
Kf6 42. Nc1 Rc8 43. Rxc8 Nxc8 44. Nd3 Ne7 45. fxe5+ dxe5 46. Bg2 e4 47. Nf4 Ke5
48. Bf1 Nd6 49. Ke3 Nxd5+ 50. Nxd5 Kxd5 51. h3 b5 52. g4 fxg4 53. hxg4 Ke5 1-0

[Event "World Blitz Women 2025"]
[Site "Doha QAT"]
[Date "2025.12.29"]
[Round "1.34"]
[White "Krasteva, Beloslava"]
[Black "Yip, Carissa"]
[Result "0-1"]
[WhiteTitle "FM"]
[BlackTitle "IM"]
[WhiteElo "2339"]
[BlackElo "2459"]
[WhiteFideId "2922029"]
[BlackFideId "2090732"]
[EventDate "2025.12.29"]

1. d4 Nf6 2. c4 g6 3. Nc3 Bg7 4. e4 d6 5. h3 O-O 6. Be3 Nbd7 7. Nf3 e5 8. d5 Nc5
9. Nd2 a5 10. g4 c6 11. Qc2 a4 12. a3 Bd7 13. O-O-O cxd5 14. exd5 Ne8 15. Kb1
Kh8 16. f3 f5 17. Be2 Qa5 18. h4 e4 19. fxe4 fxg4 20. h5 gxh5 21. Rxh5 Nf6 22.
Rh4 Rae8 23. Rdh1 Kg8 24. Bd4 Re7 25. Bxf6 Bxf6 26. Rh6 Bxc3 27. bxc3 Rf2 28. e5
Qb6+ 29. Ka1 0-1

[Event "World Blitz Women 2025"]
[Site "Doha QAT"]
[Date "2025.12.29"]
[Round "1.35"]
[White "Munkhzul, Turmunkh"]
[Black "Lyutsinger, Iren"]
[Result "1-0"]
[WhiteTitle "WGM"]
[BlackTitle "FM"]
[WhiteElo "2271"]
[BlackElo "2169"]
[WhiteFideId "4901878"]
[BlackFideId "34425969"]
[EventDate "2025.12.29"]

1. e4 c5 2. Nf3 d6 3. d4 cxd4 4. Nxd4 Nf6 5. Nc3 a6 6. Be3 e5 7. Nb3 Be6 8. f3
h5 9. Nd5 Bxd5 10. exd5 Nbd7 11. Qd2 g6 12. O-O-O Nb6 13. Kb1 Nfxd5 14. Bf2 Nf6
15. Bh4 Nbd7 16. Bd3 Be7 17. Rhe1 O-O 18. Qh6 Nh7 19. Bxe7 Qxe7 20. f4 Qf6 21.
fxe5 Nxe5 22. Be4 Ng5 23. Rf1 Qe7 24. Bd5 Ne6 25. Nd2 Qg5 26. Qxg5 Nxg5 27. Bxb7
Ra7 28. Bd5 Kg7 29. h4 Ne6 30. Ne4 Rd7 31. Bb3 Rfd8 32. Ba4 Re7 33. Nxd6 Ng4 34.
Nc4 Rxd1+ 35. Rxd1 Nf4 36. g3 Ne2 37. Nd6 Nf2 38. Rd2 Nxg3 39. c4 Nfe4 40. Nxe4
Nxe4 41. Rd1 Rc7 42. Bb3 f5 43. Kc2 Kf6 44. Rd8 f4 45. Rf8+ Ke5 46. Re8+ Kd4 47.
Kd1 Ke3 48. Ke1 f3 49. a3 f2+ 50. Kf1 Rd7 51. Bc2 Rd2 52. Rxe4+ Kf3 53. Re2 Rxe2
54. Bd1 Kg3 55. Bxe2 Kxh4 56. Kxf2 g5 57. c5 g4 58. c6 Kh3 59. Kg1 1-0

[Event "World Blitz Women 2025"]
[Site "Doha QAT"]
[Date "2025.12.29"]
[Round "1.36"]
[White "Ismayil, Malak"]
[Black "Zhu, Chen"]
[Result "1-0"]
[WhiteTitle "WIM"]
[BlackTitle "GM"]
[WhiteElo "2138"]
[BlackElo "2423"]
[WhiteFideId "13412604"]
[BlackFideId "8600546"]
[EventDate "2025.12.29"]

1. e4 e5 2. Nf3 Nc6 3. Bc4 Nf6 4. d3 Be7 5. Nc3 d6 6. h3 O-O 7. O-O Be6 8. Bb3
Bxb3 9. axb3 d5 10. exd5 Nxd5 11. Re1 Nxc3 12. bxc3 Bd6 13. c4 Re8 14. Bb2 a5
15. Qe2 h6 16. Rad1 a4 17. bxa4 Rxa4 18. Bc3 Ra3 19. Ba1 Ra2 20. d4 e4 21. c5
Bf8 22. Nh2 Qd5 23. Nf1 f5 24. Ne3 Qf7 25. d5 Na5 26. d6 cxd6 27. cxd6 Rd8 28.
Be5 f4 29. Ng4 h5 30. Nh2 f3 31. Qxe4 fxg2 32. Bg3 Nc4 33. Nf3 Nxd6 34. Qh4 Qf6
35. Qxh5 Nf7 36. Bh4 Rxd1 37. Bxf6 Rxe1+ 38. Nxe1 gxf6 39. Kxg2 Ra1 40. Nd3 Bg7
41. Qd5 Rd1 42. Qxb7 Rd2 43. Qc8+ Kh7 44. Qf5+ Kg8 45. c4 Rc2 46. Qc8+ Kh7 47.
Qe6 Ng5 48. Qf5+ Kh8 49. c5 Nf7 50. Nf4 Ne5 51. Qxc2 Bh6 52. Ng6+ Kg7 53. Nxe5 1-0

[Event "World Blitz Women 2025"]
[Site "Doha QAT"]
[Date "2025.12.29"]
[Round "1.37"]
[White "Francisco Guecamburu, Candela Be"]
[Black "Li, Xueyi"]
[Result "1-0"]
[WhiteTitle "WGM"]
[BlackTitle "WGM"]
[WhiteElo "2238"]
[BlackElo "2202"]
[WhiteFideId "160911"]
[BlackFideId "8605912"]
[EventDate "2025.12.29"]

1. e4 c5 2. Nf3 d6 3. Bb5+ Nd7 4. O-O a6 5. Bxd7+ Bxd7 6. c3 Nf6 7. Re1 c4 8. d4
cxd3 9. c4 g6 10. Nc3 Bg7 11. Qxd3 O-O 12. a4 Bg4 13. Nd4 Nd7 14. Be3 Rc8 15. b3
Nc5 16. Qc2 Ne6 17. Qd2 Nc5 18. Rab1 Bd7 19. Bh6 Ne6 20. Bxg7 Kxg7 21. Nxe6+
Bxe6 22. Qd4+ Kg8 23. Rbd1 Qc7 24. Nd5 Bxd5 25. exd5 Rfe8 26. Re3 Qd7 27. Rde1
e5 28. dxe6 Rxe6 29. Rxe6 fxe6 30. h4 Rc5 31. Rd1 Rc6 32. Qf6 Rc8 33. Re1 Re8
34. Re3 Qf7 35. Qd4 e5 36. Qxd6 e4 37. Qd4 Qf5 38. Qd5+ Qxd5 39. cxd5 Re5 40. f3
Rxd5 41. Rxe4 Kf7 42. Rb4 Rd7 43. Kf2 Kf6 44. Ke3 Ke5 45. Re4+ Kf5 46. g4+ Kf6
47. Kf4 Rc7 48. Rb4 h6 49. Rb6+ Kf7 50. b4 Rd7 51. Ke5 Re7+ 52. Kd6 Re6+ 53. Kc7
Re3 54. Kxb7 Rxf3 55. Kxa6 Rf4 56. g5 Rxh4 57. gxh6 Rxh6 58. a5 Rh8 59. Rb7+ Kf6
60. b5 g5 61. b6 g4 62. Rc7 g3 63. Rc1 g2 64. Rg1 Rg8 65. b7 Ke6 66. Ka7 1-0

[Event "World Blitz Women 2025"]
[Site "Doha QAT"]
[Date "2025.12.29"]
[Round "1.38"]
[White "Miranda Rodriguez, Tania"]
[Black "Wang, Chuqiao"]
[Result "1/2-1/2"]
[WhiteTitle "WIM"]
[BlackTitle "WIM"]
[WhiteElo "2051"]
[BlackElo "2235"]
[WhiteFideId "3510417"]
[BlackFideId "8631638"]
[EventDate "2025.12.29"]

1. e4 e6 2. d4 d5 3. Nd2 c5 4. Ngf3 cxd4 5. exd5 Qxd5 6. Bc4 Qd7 7. O-O Nc6 8.
Nb3 Nf6 9. Nbxd4 Nxd4 10. Nxd4 a6 11. Bb3 Bc5 12. Be3 Qc7 13. c3 O-O 14. Re1 e5
15. Nf3 Bxe3 16. Rxe3 Bg4 17. h3 Rad8 18. Qe1 Bxf3 19. Rxf3 Rfe8 20. Rd1 Rxd1
21. Qxd1 Rd8 22. Rd3 Rxd3 23. Qxd3 g6 24. g3 Kg7 25. Kg2 Qc6+ 26. Qf3 Qd7 27.
Qd1 Qc7 28. Qd3 h6 29. h4 Qc6+ 30. Qf3 e4 31. Qe3 Qd6 32. Qe2 Qe5 33. Qe3 Ng4
34. Qd4 Qxd4 35. cxd4 Kf8 36. Kf1 Nf6 37. Ke2 Ke7 38. Ke3 Kd6 39. Bxf7 g5 40.
hxg5 hxg5 41. Bb3 b6 42. f3 exf3 43. Kxf3 a5 44. a3 Kc6 45. Ke3 Kd6 46. Bc4 Kc6
47. b4 axb4 48. axb4 Kd6 49. b5 Nh5 50. Kf3 Nf6 51. Ke3 Nh5 52. Kf3 Nf6 53. Bb3
Kd7 54. Bc4 Kd6 55. Ke3 Nh5 56. Kf3 Nf6 1/2-1/2

[Event "World Blitz Women 2025"]
[Site "Doha QAT"]
[Date "2025.12.29"]
[Round "1.39"]
[White "Bayasgalan, Khishigbaatar"]
[Black "Rodriguez Redondo, Adhara"]
[Result "1-0"]
[WhiteTitle "WCM"]
[BlackTitle "WFM"]
[WhiteElo "2249"]
[BlackElo "2207"]
[WhiteFideId "4904311"]
[BlackFideId "32065698"]
[EventDate "2025.12.29"]

1. c4 e6 2. d4 d5 3. Nf3 Nf6 4. g3 Be7 5. Bg2 O-O 6. O-O dxc4 7. Qc2 c6 8. Qxc4
b5 9. Qc2 Bb7 10. Bg5 Nbd7 11. Nbd2 h6 12. Bxf6 Nxf6 13. Rfd1 Qb6 14. Nb3 Nd7
15. Rac1 a5 16. Nc5 Nxc5 17. dxc5 Qc7 18. Nd4 Bf6 19. Qe4 Rac8 20. Nxb5 cxb5 21.
Qxb7 Qxb7 22. Bxb7 Rb8 23. c6 Be5 24. c7 Rxb7 25. c8=Q Rxc8 26. Rxc8+ Kh7 27. b3
b4 28. Rcd8 Rb5 29. R1d2 Bc3 30. R2d7 Re5 31. e3 Kg6 32. Rc7 f6 33. Rdd7 Kf5 34.
Rxg7 Ke4 1-0

[Event "World Blitz Women 2025"]
[Site "Doha QAT"]
[Date "2025.12.29"]
[Round "1.40"]
[White "Mgeladze, Kesaria"]
[Black "Kamalidenova, Meruert"]
[Result "0-1"]
[WhiteTitle "WIM"]
[BlackTitle "IM"]
[WhiteElo "2195"]
[BlackElo "2366"]
[WhiteFideId "13621130"]
[BlackFideId "13712802"]
[EventDate "2025.12.29"]

1. e4 c5 2. Nf3 Nc6 3. d4 cxd4 4. Nxd4 Nf6 5. Nc3 e5 6. Ndb5 d6 7. Nd5 Nxd5 8.
exd5 Ne7 9. c4 Ng6 10. Qa4 Bd7 11. Qb4 Qb8 12. h4 h5 13. Be2 Be7 14. g3 f5 15.
Bg5 a6 16. Bxe7 Kxe7 17. Nc3 Qc7 18. Rc1 b6 19. Qb3 Raf8 20. Qd1 e4 21. Qd2 Ne5
22. Qg5+ Kf7 23. Bxh5+ g6 24. Be2 Qd8 25. Qxd8 Rxd8 26. b3 g5 27. h5 Kf6 28. g4
Nf3+ 29. Kd1 Rde8 30. gxf5 Bxf5 31. h6 Kg6 32. Kc2 Rxh6 33. Rxh6+ Kxh6 34. Rh1+
Kg6 0-1

[Event "World Blitz Women 2025"]
[Site "Doha QAT"]
[Date "2025.12.29"]
[Round "1.41"]
[White "Mkrtchian, Lilit"]
[Black "Machlik, Monika"]
[Result "1/2-1/2"]
[WhiteTitle "IM"]
[WhiteElo "2366"]
[BlackElo "2084"]
[WhiteFideId "13300601"]
[BlackFideId "1513621"]
[EventDate "2025.12.29"]

1. e4 c6 2. d4 d5 3. exd5 cxd5 4. Nf3 Nc6 5. c4 Nf6 6. h3 g6 7. Nc3 Bg7 8. c5
O-O 9. Bb5 Ne4 10. O-O Bf5 11. Bf4 Rc8 12. Bxc6 bxc6 13. Qa4 Qd7 14. Qa6 Rfe8
15. Ne5 Bxe5 16. Bxe5 f6 17. Bh2 e5 18. Nxe4 Bxe4 19. f3 Bf5 20. Qa4 Bd3 21.
Rfe1 e4 22. Qd1 Qf5 23. Re3 Qg5 24. Qd2 Qf5 25. Rae1 Qd7 26. Bd6 f5 27. fxe4
dxe4 28. Rg3 Qf7 29. b3 Re6 30. Qf4 Rce8 31. Rge3 Qf6 32. Be5 Qf7 33. h4 h5 34.
Rg3 Kh7 35. Qg5 Rf8 36. Qf4 Rfe8 37. Rge3 Rf8 38. Rg3 Rfe8 39. Rge3 Rf8 40. Rg3 1/2-1/2

[Event "World Blitz Women 2025"]
[Site "Doha QAT"]
[Date "2025.12.29"]
[Round "1.42"]
[White "Dimitrijevic, Aleksandra"]
[Black "Buksa, Nataliya"]
[Result "0-1"]
[WhiteTitle "WGM"]
[BlackTitle "IM"]
[WhiteElo "2063"]
[BlackElo "2397"]
[WhiteFideId "929239"]
[BlackFideId "14123622"]
[EventDate "2025.12.29"]

1. d4 d5 2. c4 e6 3. Nf3 Nf6 4. g3 Bd6 5. Bg2 O-O 6. O-O Nc6 7. Nc3 dxc4 8. e4
e5 9. d5 Na5 10. h3 b6 11. Bg5 h6 12. Be3 a6 13. Qd2 b5 14. Nh4 Nh7 15. Kh2 Nb7
16. Ne2 Nc5 17. Kh1 Nd3 18. Nc1 Nc5 19. b4 cxb3 20. axb3 Qe7 21. Nf5 Bxf5 22.
exf5 Nf6 23. Bxc5 Bxc5 24. d6 cxd6 25. Bxa8 Rxa8 26. b4 Bd4 27. Ra2 Ne4 28. Qd3
Qb7 29. Qf3 d5 30. Nb3 Bb6 31. Rc2 Qe7 32. Nc5 Bxc5 33. bxc5 Rc8 34. Rfc1 Rc6
35. Kg2 Nf6 36. g4 Ne4 37. Qb3 Qd7 38. Rd1 d4 39. Re1 d3 40. Ra2 Qd4 41. f3 Nxc5
42. Qd1 Na4 43. Rd2 Rc3 44. Re4 Qd5 45. Qe1 f6 46. Kg3 0-1